000 00852nam a22002177a 4500
999 _c11554
_d11554
003 AR-CdUCM
008 190404b ||||| |||| 00| 0 spa d
040 _aMUNICIPALIDAD PROVINCIAL DEL CUSCO
_cBIBLIOTECA MUNICIPAL DEL CUSCO
082 _a869.56 / 1949 /
_bEG32
100 _aEguiguren, Luis Antonio
_925821
245 _aEl paseo triunfal y el vejámen del graduando /
260 _aLima :
_bUniversidad Nacional Mayor de San Marcos,
_c1949.
300 _a58 páginas ;
_c19 cm.
440 _aBiblioteca del IV centenario de la fundación de la Universidad Nacional Mayor de San Marcos (1551-1951)
_928974
505 _aContenido: Vexamen -- Cedulillas -- Introducción al Vejamen...
650 _aEstudiantes universitarios
_928975
650 _aHumorismo peruano
_91668
650 _aAnécdotas
_92139
942 _2ddc
_cLIBROS
945 _adavv